| 000 | 01067nac a22002775a 4500 | ||
|---|---|---|---|
| 008 | 150827t2007 us a|||fr|||| 001 0 eng d | ||
| 010 | _a 2006036826 | ||
| 020 | _a9780750677554 (pbk. : alk. paper) | ||
| 020 | _a0750677554 (pbk. : alk. paper) | ||
| 040 |
_aEG-ScBuE _beng _cEG-ScBuE |
||
| 082 | 0 | 0 |
_a681.2 _bHUD _222 |
| 100 | 1 | _aHuddleston, Creed. | |
| 245 | 1 | 0 |
_aIntelligent sensor design using the microchip dsPIC / _cCreed Huddleston. |
| 260 |
_aBoston : _bElsevier/Newnes, _cc.2007. |
||
| 300 |
_a283 p. ; _bill., _c25 cm. |
||
| 500 | _aIndex : p. 275-282. | ||
| 590 | _ayassmeen ashraf | ||
| 650 | 0 |
_aDetectors _xDesign and construction. _2BUEsh |
|
| 650 | 0 |
_aIntelligent control systems. _2BUEsh _919033 |
|
| 650 | 0 |
_aSignal processing _xDigital techniques. _2BUEsh |
|
| 651 | _2BUEsh | ||
| 653 |
_bENGGEN _cAugust2015 |
||
| 856 | 4 | 1 |
_3Table of contents only _uhttp://www.loc.gov/catdir/toc/ecip074/2006036826.html |
| 856 | 4 | 1 |
_3Publisher description _uhttp://www.loc.gov/catdir/enhancements/fy0703/2006036826-d.html |
| 942 |
_cBB _k681.2 HUD _2ddc |
||
| 999 |
_c8133 _d8133 |
||